|
|
|
|
| LEADER |
01350nam a22003492a 4500 |
| 001 |
000103931 |
| 003 |
CZ BrMZK |
| 005 |
20191031082949.0 |
| 007 |
ta |
| 008 |
950101s1963 xr a f 000 0 cze d |
| 015 |
|
|
|a cnb000478757
|
| 035 |
|
|
|a (OCoLC)42111459
|
| 040 |
|
|
|a ABA001
|b cze
|c OLA001
|d ABA001
|d BOA001
|
| 080 |
9 |
|
|a 616-073.75(075.8)
|
| 100 |
1 |
|
|a Holý, Jiří,
|d 1913-2002
|7 jk01041852
|4 aut
|
| 245 |
1 |
0 |
|a Rentgenová diagnostika /
|c Jiří Holý, Karel Hoffmann, Milan Roth
|
| 250 |
|
|
|a 1. vyd.
|
| 260 |
|
|
|a Praha :
|b SPN,
|c 1963
|
| 300 |
|
|
|a 148 s. :
|b il. ;
|c 29 cm
|
| 490 |
1 |
|
|a Učební texty vysokých škol
|
| 500 |
|
|
|a 2063 výt.
|
| 521 |
8 |
|
|a Určeno pro lékařskou fakultu v Brně
|
| 550 |
|
|
|a Vydavatel: Univerzita J.E. Purkyně v Brně
|
| 500 |
|
|
|a Dostupné též v digitální podobě v aplikaci Kramerius
|
| 700 |
1 |
|
|a Roth, Milan,
|d 1923-2006
|7 jk01102783
|4 aut
|
| 700 |
1 |
|
|a Hoffmann, Karel,
|d 1925-1976
|7 jk01041514
|4 aut
|
| 710 |
2 |
|
|a Univerzita J.E. Purkyně v Brně
|7 kn20010709352
|
| 830 |
|
0 |
|a Učební texty vysokých škol (SPN)
|0 s
|
| 856 |
4 |
1 |
|u http://www.digitalniknihovna.cz/mzk/uuid/uuid:26492230-ffa3-11e9-af21-005056827e52
|y Digitalizovaný dokument
|x NDK
|
| 910 |
|
|
|a BOA001
|b 4-0517.539
|
| 990 |
|
|
|a BK
|
| 996 |
6 |
|
|b 2619995990
|c 4-0517.539
|l MZK
|r Sklad / do 1 hodiny
|n 2
|w 000103931
|u 000010
|a 1
|e BOA001
|j MZK50
|s P
|